ბათუმის შოთა რუსთაველის სახელმწიფო უნივერსიტეტის ბიბლიოთეკა

ქართული მწერლობა 40 ტომად. ტ.21. ბოსლეველი,დავით კეზელი,ილია ხონელი,ხომლელი (ბიბ.ჩანაწერი № 43654)

000 -LEADER
fixed length control field 01229nam a2200229Ia 4500
001 - CONTROL NUMBER
control field 10393
003 - CONTROL NUMBER IDENTIFIER
control field GE_BSU
008 - FIXED-LENGTH DATA ELEMENTS--GENERAL INFORMATION
fixed length control field 181216s||||||||xx |||||||||||||| ||und||
020 ## - INTERNATIONAL STANDARD BOOK NUMBER
International Standard Book Number 9992847158
040 ## - CATALOGING SOURCE
Transcribing agency GE_BSU
080 ## - UNIVERSAL DECIMAL CLASSIFICATION NUMBER
Universal Decimal Classification number 821.353.1+821.353.1-32
245 ## - TITLE STATEMENT
Title ქართული მწერლობა 40 ტომად. ტ.21. ბოსლეველი,დავით კეზელი,ილია ხონელი,ხომლელი
245 ## - TITLE STATEMENT
Remainder of title გიორგი მაიაშვილი,ალექსანდრე წულუკიძე
245 ## - TITLE STATEMENT
Statement of responsibility, etc. შემდგ.ა.ბაქრაძე.რ.თვარაძე.სარედ.კოლ.ა.ბაქრაძე და სხვ.ტომის რედ.მ. წერეთელი.მხატვ.გ.ღლონტი
260 ## - PUBLICATION, DISTRIBUTION, ETC.
Place of publication, distribution, etc. თბილისი
260 ## - PUBLICATION, DISTRIBUTION, ETC.
Name of publisher, distributor, etc. ნაკადული
260 ## - PUBLICATION, DISTRIBUTION, ETC.
Date of publication, distribution, etc. 2003
300 ## - PHYSICAL DESCRIPTION
Extent 640გვ.20სმ.
520 ## - SUMMARY, ETC.
Summary, etc. ტომეული თავდაპირველად გამოდიოდა 30ტომად.2007 წლის შემდეგ გამოდის 40 ტომად
653 ## - INDEX TERM--UNCONTROLLED
Uncontrolled term ქართული მწერლობა
942 ## - ADDED ENTRY ELEMENTS (KOHA)
Koha item type წიგნი
ეგზემპლარები
Withdrawn status Lost status Damaged status Not for loan Date acquired Barcode Date last seen Price effective from Koha item type
        2018-12-17 34124 2018-12-17 2018-12-17 წიგნი